Managing Contracts and Relationships in Procurement and Supply D5 (Record no. 352120)
[ view plain ]
| 000 -LEADER | |
|---|---|
| fixed length control field | 00716nam a22001937a 4500 |
| 003 - CONTROL NUMBER IDENTIFIER | |
| control field | OSt |
| 005 - DATE AND TIME OF LATEST TRANSACTION | |
| control field | 20180116183108.0 |
| 008 - FIXED-LENGTH DATA ELEMENTS--GENERAL INFORMATION | |
| fixed length control field | 171031b xxu||||| |||| 00| 0 eng d |
| 020 ## - INTERNATIONAL STANDARD BOOK NUMBER | |
| International Standard Book Number | 9781861242310 |
| 040 ## - CATALOGING SOURCE | |
| Transcribing agency | 0 |
| 082 ## - DEWEY DECIMAL CLASSIFICATION NUMBER | |
| Classification number | 658.72 CIPS 2016 |
| 100 ## - MAIN ENTRY--PERSONAL NAME | |
| Personal name | CIPS |
| 110 ## - MAIN ENTRY--CORPORATE NAME | |
| Corporate name or jurisdiction name as entry element | Chartered Institute of Procurement & Supply |
| 245 ## - TITLE STATEMENT | |
| Title | Managing Contracts and Relationships in Procurement and Supply D5 |
| Remainder of title | Diploma in Procurement and Supply |
| Statement of responsibility, etc. | Chartered Institute of Procurement & Supply |
| 260 ## - PUBLICATION, DISTRIBUTION, ETC. | |
| Place of publication, distribution, etc. | Stamford |
| Name of publisher, distributor, etc. | Profex Publishing Ltd. |
| Date of publication, distribution, etc. | 2016 |
| 300 ## - PHYSICAL DESCRIPTION | |
| Extent | 219p. |
| Other physical details | pb. |
| 440 ## - SERIES STATEMENT/ADDED ENTRY--TITLE | |
| Title | Managing Contracts and Relationships in Procurement and Supply |
| Number of part/section of a work | With Part 2nd Page 77 (10358-A) |
| 942 ## - ADDED ENTRY ELEMENTS (KOHA) | |
| Source of classification or shelving scheme | |
| Koha item type | Book |
| Call number prefix | 658.72 CIPS 2016 |
| Withdrawn status | Lost status | Source of classification or shelving scheme | Damaged status | Not for loan | Collection code | Permanent Location | Current Location | Shelving location | Date acquired | Full call number | Barcode | Date last seen | Price effective from | Koha item type | Total Checkouts | Date last checked out |
|---|---|---|---|---|---|---|---|---|---|---|---|---|---|---|---|---|
| Central Library (CL) | Central Library (CL) | General Stacks | 10/31/2017 | 658.72 CIPS 2016 | NBS10358 | 10/31/2017 | 10/31/2017 | Reference | ||||||||
| Central Library (CL) | Central Library (CL) | General Stacks | 10/31/2017 | 658.72 CIPS 2016 | NBS10358-A | 02/25/2025 | 10/31/2017 | Book | 2 | 12/30/2024 |
